000 01343nam a2200349Ia 4500
001 ebr2003909
003 CaPaEBR
006 m u
007 cr cn|||||||||
008 990322r20001962enk s 001 0 eng d
020 _z0415178053
040 _aCaPaEBR
_cCaPaEBR
035 _a(OCoLC)70750906
050 1 4 _aRC439
_b.J6 2000eb
100 1 _aJones, Kathleen,
_d1922-2010.
245 1 0 _aMental hospitals at work
_h[electronic resource] /
_cby Kathleen Jones and Roy Sidebotham.
260 _aLondon :
_bRoutledge,
_c2000, c1962.
300 _ax, 210 p.
490 1 _aInternational library of sociology
490 1 _aSociology of mental health ;
_v4
500 _aFirst published: London : Routledge and Kegan Paul, 1962.
500 _aIncludes index.
533 _aElectronic reproduction.
_bPalo Alto, Calif. :
_cebrary,
_d2013.
_nAvailable via World Wide Web.
_nAccess may be limited to ebrary affiliated libraries.
650 0 _aPsychiatric hospitals.
650 0 _aMentally ill.
655 7 _aElectronic books.
_2local
700 1 _aSidebotham, Roy.
710 2 _aebrary, Inc.
830 0 _aInternational library of sociology.
830 0 _aSociology of mental health ;
_v4.
856 4 0 _uhttp://site.ebrary.com/lib/rucke/Doc?id=2003909
_zAn electronic book accessible through the World Wide Web; click to view
999 _c226583
_d226583